Five Decade Movie Medley III Quiz Stats

 Plays Quiz Updated Aug 4, 2018

Challenge
Share
Tweet
Score 0/25 Timer 07:00
10 Plays Today
Hint Answer % Correct
1930s MGM StudiosThe Wizard of Oz
98.4%
1970s GangsterThe Godfather
94.8%
Gone with the Wind
87.5%
Ferris Bueller's Day Off
81.8%
The Breakfast Club
80.6%
1980s John HughesSixteen Candles
75.1%
Planes, Trains and Automobiles
69.8%
Get Out
62.2%
High Noon
44.1%
Shane
38.4%
Weird Science
29.1%
The Warriors
28.1%
The Babadook
27.9%
Hint Answer % Correct
Freaks
25.4%
A Night at the Opera
25.1%
1950s WesternsThe Searchers
21.3%
The Witch
19.1%
Get Carter
18.1%
Mean Streets
16.4%
It Follows
13.3%
2010s HorrorThe Cabin in the Woods
13.3%
Grand Hotel
10.3%
Gunfight at the O.K. Corral
7.8%
Johnny Guitar
6%
The Long Goodbye
4.3%

You're not logged in!

Compare scores with friends on all Sporcle quizzes.
Join for Free
OR
Log In

You Might Also Like...

Show Comments

Extras

Top Quizzes Today


Score Distribution

Your Account Isn't Verified!

In order to create a playlist on Sporcle, you need to verify the email address you used during registration. Go to your Sporcle Settings to finish the process.

Report this User

Report this user for behavior that violates our Community Guidelines.

Details: